000 00674nam a22002417a 4500
003 UA-OsUOA
001 20504
007 ta
008 20031031b un ||||| |||| 00| 0 ukr d
100 _aБілан Майя
090 _a911.375(477)
_bБ61
942 _cBK
040 _aUA-OsUOA
_brus
_cUA-OsUOA
_dUA-OsUOA
245 _aВідгомін віків
_bПутівник по туриському маршруту Львів-" Олеський Замок"
300 _a48 с.
_bІлюстрації
955 _a0
041 _arus
080 _a911.375(477)
260 _aЛьвів
_bКаменяр
_c1978
044 _aUA
650 7 _2UDC
999 _c306683
_d306683